000 00586nam a22001697a 4500
003 OSt
005 20260305111315.0
008 260305b |||||||| |||| 00| 0 eng d
040 _cMRSPTU
041 _aEnglish
100 _aMandeep Kaur, Supervisor: Dr. Rakesh Kumar Singla
245 _aEffect of Partial Replacement of Fine Aggregates with Polyvinyl Chloride on Compressive Strength of Concrete
260 _bDepartment of Civil Engg. MRSPTU, Bathinda
_c2018
650 _aCivil Engineering
856 _uhttp://163.47.215.52:8080/jspui/handle/123456789/342
942 _2ddc
_cTH
_n0
999 _c11071
_d11071